|
|
|
|
| LEADER |
00000nab a2200000 a 4500 |
| 001 |
vtls000124846 |
| 003 |
SK-MaSNL |
| 005 |
20260303200827.0 |
| 008 |
111104c1982 xo 0 slo |
| 015 |
|
|
|a SNBRB19rr/mm-uuuuu
|
| 035 |
|
|
|a CL0134951
|
| 040 |
|
|
|a SNKBUCL
|b slo
|c SNKBUCL
|e AACR2
|
| 041 |
0 |
|
|a slo
|
| 044 |
|
|
|a xo
|c SK
|
| 080 |
|
|
|a 77
|2 1981
|
| 100 |
1 |
|
|a Noel, Ladislav,
|d 1922-1996
|4 aut
|9 37107
|
| 245 |
1 |
0 |
|a Komplex fotografického zobrazovacieho procesu
|c Ladislav Noel
|
| 300 |
|
|
|b Tb. 1.
|
| 650 |
0 |
7 |
|a amatérska fotografia
|2 snkbucl
|9 72795
|
| 655 |
|
7 |
|a články z novín a časopisov
|2 snkbucl
|9 267496
|
| 773 |
0 |
|
|t Výtvarníctvo fotografia film
|g Roč. 20, č. 9 (1982), s. 20-21
|
| 850 |
|
|
|a Slovenská národná knižnica v Martine
|a MTA001
|
| 852 |
|
|
|a SNK
|b KIS3GCP
|
| 958 |
|
|
|a RK
|
| 992 |
|
|
|a RBX
|
| 999 |
|
|
|c 2169967
|d 2171897
|